• 首页
  • 本馆介绍
  • 公告通知
  • 最新文献
  • 馆藏检索
  • 电子资源
  • 读者导购
  • 参考咨询
  • 我的图书馆
  • 登录
  • 详细信息显示
  • 放入我的书架
  • 预约/预借图书
  • 作者相关作品
  • 分类相关作品
  • 丛书相关作品
  • 出版社相关作品

书目信息

  • 表格格式
  • 工作单格式
  • 卡片格式
题名:
“微博问政”与执政党的民主建设研究
    
 
作者: 孙忠良 著
分册:  
出版信息: 北京   中央编译出版社  2017
页数: 227页
开本: 24cm
丛书名: 当代人文经典书库
单 册:
中图分类: D262.11 , D63-39
科图分类:
主题词: 电子政务--研究--中国
电子资源:
ISBN: 978-7-5117-3479-2
000 01786oam2 2200325 450
001 012001001691
005 20140921103355.0
010    @a978-7-5117-3479-2@b精装@dCNY68.00
100    @a20180819d2017 em y0chiy50 ea
101 0  @achi
102    @aCN@b110000
105    @ay az 000yy
106    @ar
200 1  @a“微博问政”与执政党的民主建设研究@9“wei bo wen zheng”yu zhi zheng dang de min zhu jian she yan jiu@dOn the micro-blog in politics and democratic construction of the ruling party@f孙忠良著@zeng
210    @a北京@c中央编译出版社@d2017
215    @a227页@d24cm
225 1  @a当代人文经典书库
300    @a国家社会科学基金项目成果 湖南省重点学科建设项目资助成果 湖南省重点思政课教学科研机构资助成果
314    @a孙忠良,男,现为吉首大学马克思主义学院副教授,法学博士,硕士生导师。
320    @a有书目(第215-225页)
330    @a本书围绕“微博问政”与执政党的民主建设这一主题,主要内容包括“微博问政”的兴起与发展,“微博问政”与执政党的意识形态建设,“微博问政”与执政党的群众路线,“微博问政”与执政党反腐体制机制的创新,“微博问政”与政务微博的运营管理,“微博问政”与官方媒体的角色定位,“微博问政”与意见领袖的引导管理,“微博问政”与基层党建工作的创新,“微博问政”与国家舆论安全体系的完善,以及微博舆论场中民粹主义和网络谣言的负面影响及应对策略等。实现“微博问政”与党的民主建设良性互动,对于更好地顺应网络化和信息化的潮流,加快建设“数字民主”,推动社会主义民主政治建设具有重要的意义。
461  0 @12001 @a当代人文经典书库
510 1  @aOn the micro-blog in politics and democratic construction of the ruling party@zeng
601 02 @a中国共产党@x党内民主@x研究
606 0  @a电子政务@x研究@y中国
690    @aD262.11@v5
690    @aD63-39@v5
701  0 @a孙忠良@9sun zhong liang@4著
801  0 @aCN@b上海新华@c20180901
905    @b1156850-4@dD262.11@e280@f5
    
    “微博问政”与执政党的民主建设研究=On the micro-blog in politics and democratic construction of the ruling party/孙忠良著.-北京:中央编译出版社,2017
    227页;24cm.-(当代人文经典书库)
    国家社会科学基金项目成果 湖南省重点学科建设项目资助成果 湖南省重点思政课教学科研机构资助成果
    
    ISBN 978-7-5117-3479-2(精装):CNY68.00
    本书围绕“微博问政”与执政党的民主建设这一主题,主要内容包括“微博问政”的兴起与发展,“微博问政”与执政党的意识形态建设,“微博问政”与执政党的群众路线,“微博问政”与执政党反腐体制机制的创新,“微博问政”与政务微博的运营管理,“微博问政”与官方媒体的角色定位,“微博问政”与意见领袖的引导管理,“微博问政”与基层党建工作的创新,“微博问政”与国家舆论安全体系的完善,以及微博舆论场中民粹主义和网络谣言的负面影响及应对策略等。实现“微博问政”与党的民主建设良性互动,对于更好地顺应网络化和信息化的潮流,加快建设“数字民主”,推动社会主义民主政治建设具有重要的意义。
●
相关链接 在E读中查询图书 在五车中查询图书 在当当中查询图书 在豆瓣中查询图书


正题名:"微博问政"与执政党的民主建设研究     索取号:D262.11/280         预约/预借

序号 登录号 条形码 馆藏地/架位号 状态 备注
1 1156850   211568506   第一样本阅览室/ [索取号:D262.11/280] 在馆    
2 1156851   211568515   第一借阅区/ [索取号:D262.11/280] 在馆    
3 1156852   211568524   第一借阅区/ [索取号:D262.11/280] 在馆    
4 1156853   211568533   第一借阅区/ [索取号:D262.11/280] 在馆    
5 1156854   211568542   密集书库-史法系/ [索取号:D262.11/280] 在馆    
唐山师范学院图书馆 欢迎您!
大连网信软件有限公司© 版权所有